Sports Quiz

Random Sports or NBA Quiz

NBA Free Throw Leaders (Career) Quiz Stats

 Plays Quiz Updated Apr 16, 2019

Score 0/36 Timer 08:00
0 Plays Today
FTs Player % Correct
7,327Michael Jordan
93.2%
8.378Kobe Bryant
89.9%
5,935Shaquille O'Neal
86.9%
7,140LeBron James
83.8%
9,787Karl Malone
79.6%
8,531Moses Malone
78.4%
6,057Wilt Chamberlain
76.2%
5,896Tim Duncan
76%
5,604James Harden
72%
6,712Kareem Abdul-Jabbar
70.7%
6,375Allen Iverson
65.1%
6,035David Robinson
60.5%
5,392Patrick Ewing
58.1%
5,423Hakeem Olajuwon
56.6%
7,160Jerry West
55.8%
6,349Charles Barkley
52.5%
5,034Dwight Howard
47.9%
6,237Reggie Miller
47.2%
FTs Player % Correct
7,694Oscar Robertson
45.4%
5,742Kevin Durant
43.5%
5,763Elgin Baylor
35.6%
5,369John Havlicek
34.1%
6,908Paul Pierce
33.6%
6,031Dominique Wilkins
33%
7,240Dirk Nowitzki
30.8%
6,182Bob Pettit
25.4%
5,356Elvin Hayes
23.8%
5,915Carmelo Anthony
15.2%
6,832Adrian Dantley
14.5%
5,708Dwyane Wade
14%
6,712Dolph Schayes
13.5%
5,394Lenny Wilkens
10.3%
5,010Paul Arizin
9.3%
5,066Tom Chambers
7.5%
5,113Walt Bellamy
6.9%
5,079Chet Walker
6.4%

You're not logged in!

Compare scores with friends on all Sporcle quizzes.
OR
Log In

You Might Also Like...

Show Comments

Extras

Top Quizzes Today


Score Distribution

Your Account Isn't Verified!

In order to create a playlist on Sporcle, you need to verify the email address you used during registration. Go to your Sporcle Settings to finish the process.

Report this User

Report this user for behavior that violates our Community Guidelines.

Details: